Aktuálne trendy energetickej bezpečnosti v Európskej únii

Analýza súčasnej situácie a z nej vyplývajúce trendy energetickej bezpečnosti EÚ z pohľadu externých vplyvov a tou je bezpečnosť dodávok zdrojov primárnej energie. Diverzifikácia dodávok zdrojov primárnej energie. Závislosť od importu primárnej energie do EÚ. Energetická bezpečnosť je úzko previazan...

Ausführliche Beschreibung

Gespeichert in:
Bibliographische Detailangaben
1. Verfasser: Harakaľová, Ľubica, 1963-
Format: Buchkapitel
Sprache:Slowakisch
Schlagworte:
Tags: Tag hinzufügen
Keine Tags, Fügen Sie das erste Tag hinzu!

MARC

LEADER 00000naa a2200000 4500
001 0236468
005 20240502073827.1
041 0 |a slo 
044 |a SK 
245 1 0 |a Aktuálne trendy energetickej bezpečnosti v Európskej únii  |c Ľubica Harakaľová 
520 |a Analýza súčasnej situácie a z nej vyplývajúce trendy energetickej bezpečnosti EÚ z pohľadu externých vplyvov a tou je bezpečnosť dodávok zdrojov primárnej energie. Diverzifikácia dodávok zdrojov primárnej energie. Závislosť od importu primárnej energie do EÚ. Energetická bezpečnosť je úzko previazaná so zahraničnými a bezpečnostnými prioritami EÚ. 
610 2 0 |a politika energetická 
610 2 0 |a bezpečnosť energetická 
610 2 0 |a dodávky 
610 2 0 |a dodávatelia 
610 2 0 |a diverzifikácia 
610 2 0 |a Európska únia 
100 1 |a Harakaľová, Ľubica, 1963-